Giperzvuk v fizike tverdogo tela /

Na minha lista:
Detalhes bibliográficos
Main Authors: Tucker, J.W (Author), Rampton, V.W (Author)
Formato: Livro
Idioma:russo
Publicado em: Moskva : Mir, 1975
Assuntos:
Tags: Adicionar Tag
Sem tags, seja o primeiro a adicionar uma tag!

MARC

LEADER 00000nam a22000003a 4500
001 stu43639
005 20150617225717.7
008 941121s1975----xxr-----------------rus-d
040 |a STU  |b slo 
041 0 |a rus 
044 |a xxr 
080 |a 539.2 
100 1 |a Tucker, J.W  |4 aut 
245 1 |a Giperzvuk v fizike tverdogo tela /  |c [aut.]J.W. Tucker, V.W. Rampton; Z angl. kol 
260 |a Moskva :  |b Mir,  |c 1975 
300 |a 453 s 
650 7 |a fyzika tuhých látok  |2 stusub 
700 1 |a Rampton, V.W  |4 aut 
996 |b 284M062553  |c M*7678-1  |l MMKN  |s A  |a 24  |w stu43639_0001